|
|
|
|
| LEADER |
00000ntm a22000007u 4500 |
| 001 |
zp13025 |
| 041 |
|
|
|a cze
|
| 100 |
1 |
|
|a Matoušová, Tereza
|4 dis
|
| 245 |
1 |
0 |
|a Design dětské celoroční obuvi pro věkovou kategorii 3 - 5 let pro firmu DPK Zlín
|
| 246 |
|
|
|a Children shoes
|
| 260 |
|
|
|c 2009
|
| 300 |
|
|
|a 52, obr. př. 17s, foto př. 3s.
|
| 500 |
|
|
|a Studijní obor: Multimedia a design - Design obuvi
|
| 500 |
|
|
|a Studijní obor: Multimedia and Design - Footwear Design
|
| 500 |
|
|
|a Ústav: Ústav produktového designu
|
| 500 |
|
|
|a Univerzita Tomáše Bati ve Zlíně. Fakulta multimediálních komunikací
|
| 500 |
|
|
|a Tomas Bata University in Zlín. Faculty of Multimedia Communications
|
| 506 |
|
|
|a Bez omezení
|
| 655 |
|
4 |
|a bakalářská práce
|
| 700 |
1 |
|
|a Zamazal, Jan
|4 ths
|
| 710 |
2 |
|
|a Univerzita Tomáše Bati ve Zlíně. Fakulta multimediálních komunikací
|4 dgg
|
| 710 |
2 |
|
|a Tomas Bata University in Zlín. Faculty of Multimedia Communications
|4 dgg
|
| 856 |
4 |
0 |
|u http://hdl.handle.net/10563/9169
|y Plný text v Digitální knihovně UTB
|